000 00646nam a22002297a 4500
003 UA-OsUOA
001 45242
007 ta
008 20070403b un ||||| |||| 00| 0 ukr d
090 _a339.138(477)
_bТ33
942 _cBK
040 _aUA-OsUOA
_bukr
_cUA-OsUOA
_dUA-OsUOA
245 _aТеорія і практика маркетингу в Україні
_bМонографія
300 _a584 с.
955 _a2
041 _aukr
080 _a339.138(477)
020 _a966-574-797-5
260 _aК.
_bКНЕУ
_c2005
650 7 _a339.1 Загальні питання торгівлі. Ринок
_2UDC
999 _c331339
_d331339